000 00843nas a2200277 4500
001 BR2013004624
003 BR-BrBNA
005 20231205122438.0
007 ta
008 230509b bl.|||p| |||| 00| 00por d
040 _aBR-BrBNA
_bpor
_cBiblioteca Nacional de Agricultura
041 _a(Pt)
072 _aH20
100 1 _aFigueiredo, M.B.
100 1 _aCoutinho, L.N.
100 1 _aAparecido, C.C.
100 1 _aPassador, M.M.
245 1 _aAbutilon ornamental (Abutilon sp.- Malvaceae)mostrando pústulas de Synchytrium australe
650 _aPLANTA ORNAMENTAL
650 _aDOENÇA DE PLANTA
650 _aMALVACEAE
650 _aGALHA
773 0 _tSumma Phytopathologica (Brazil)
_xISSN 0100-5405
_g(Apr-Jun 2007), v. 33(2) p. 195-198
_wBR2013004624
909 _a202311
_bLúcia
_c55
_dLúcia Elande
942 _2AGRIS
_n0
_cANA
999 _c228690
_d228690